Özv. Seress Istvánné szül. Köcsön Anna
Elmentve itt :
| Dokumentumtípus: | Cikk |
|---|---|
| Megjelent: |
1925-03-22
|
| Sorozat: | Délmagyarország
6 No. 67 |
| Kulcsszavak: | Seress Istvánné Köcsön Anna, Gyászjelentés Szeged 1925 |
| Online Access: | http://dmarchiv.bibl.u-szeged.hu/37525 |
| LEADER | 00459nab a2200145 i 4500 | ||
|---|---|---|---|
| 001 | delm37525 | ||
| 005 | 20180927112928.0 | ||
| 008 | 180927s1925 hu o 0|| hun d | ||
| 040 | |a SZTE Délmagyarország Archívum |b hun | ||
| 041 | |a hun | ||
| 245 | 0 | 0 | |a Özv. Seress Istvánné szül. Köcsön Anna |h [elektronikus dokumentum] |
| 260 | |c 1925-03-22 | ||
| 300 | |a 10 | ||
| 490 | 0 | |a Délmagyarország |v 6 No. 67 | |
| 695 | |a Seress Istvánné Köcsön Anna, Gyászjelentés Szeged 1925 | ||